| 000 | 00473nam a22001697a 4500 | ||
|---|---|---|---|
| 999 |
_c5389 _d5389 |
||
| 003 | OSt | ||
| 005 | 20190103171510.0 | ||
| 008 | 181204b ||||| |||| 00| 0 eng d | ||
| 040 | _cDLC | ||
| 082 |
_a248.4 _bK291L _2K29L |
||
| 100 | _aH.B. Kelchner. | ||
| 245 |
_aLiving Your Christian Life Now In The Light of Eternity ; _cH.B. Kelchner. |
||
| 260 |
_aFlintstone, Maryland ; _bH.B. Kelchner. _cc1956. |
||
| 300 | _a76 p.: | ||
| 650 | _xChristian eternity. | ||
| 942 |
_2ddc _cBK |
||